00247 a2200109 4500001000700000020000600007040001100013100002100024240004400045245003900089362000900128164331 a  cMagnum aBelinky, Tatiana10aA producao cultural para a criancalpor10aA producao cultural para a crianca0 a1899